[Event "Detroit op"]
[Site "Detroit"]
[Date "2000.12.16"]
[Round "1"]
[White "Maldonado, Diana"]
[Black "Haugabook, Rashida"]
[Result "1-0"]
[WhiteElo "896"]
[BlackElo "454"]
[PlyCount "23"]
[EventDate "2000.12.16"]
[EventType "swiss"]
[EventRounds "6"]
[EventCountry "USA"]
[SourceTitle "EXT 2007"]
[Source "ChessBase"]
[SourceDate "2006.11.23"]
[SourceVersion "1"]
[SourceVersionDate "2006.11.23"]
[SourceQuality "1"]

1. e4 e5 2. Nc3 d6 3. Bc4 Be6 4. Bxe6 fxe6 5. d3 Be7 6. Qg4 Nf6 7. Qg3 0-0 8. Bh6 Rf7 9. Nf3 c6 10. Ng5 Rf8 11. Nxe6 Qe8 12. Qxg7# 1-0

[Event "Detroit op"]
[Site "Detroit"]
[Date "1999.12.18"]
[Round "1"]
[White "Haugabook, Rashida"]
[Black "Moore, Stacey"]
[Result "0-1"]
[WhiteElo "317"]
[BlackElo "1053"]
[PlyCount "40"]
[EventDate "1999.12.18"]
[EventType "swiss"]
[EventRounds "6"]
[EventCountry "USA"]
[SourceTitle "EXT 2007"]
[Source "ChessBase"]
[SourceDate "2006.11.23"]
[SourceVersion "1"]
[SourceVersionDate "2006.11.23"]
[SourceQuality "1"]

1. e4 e5 2. Bc4 Nf6 3. Nf3 Bc5 4. 0-0 d6 5. c3 Bg4 6. Qe1 0-0 7. a3 Re8 8. b4 Bb6 9. d4 exd4 10. cxd4 Nxe4 11. Bxf7+ Kxf7 12. Qd1 Rg8 13. a4 c5 14. a5 Bc7 15. dxc5 dxc5 16. bxc5 Nxc5 17. Bg5 Bxf3 18. Bxd8 Bxd1 19. Rxd1 Rxd8 20. a6 Rxd1# 0-1